000 00578nam a2200193Ia 4500
005 20250423095753.0
008 250422s9999 xx 000 0 und d
020 _a9781259921926
050 _aHD 62.4 .D64/
100 _aDoh, Jonathan
245 0 _aInternational management: culture, strategy, and behavior
250 _a10th ed.
260 _aNew York
260 _bMcGraw-Hill Education
260 _c2018
300 _a634 p
650 _a International business enterprises--Management. International business enterprises--Management--Case studies.
942 _cBK
999 _c31284
_d31284